Online
Catalog

La historia del señor Sommer / (Record no. 33945)

MARC details
000 -CABECERA
campo de control de longitud fija 00774nam a2200217 a 4500
001 - NÚMERO DE CONTROL
campo de control 000034454
005 - FECHA Y HORA DE LA ÚLTIMA TRANSACCIÓN
campo de control 20200930073717.0
008 - DATOS DE LONGITUD FIJA--INFORMACIÓN GENERAL
campo de control de longitud fija 111004s1991 sp a 000 0 spa d
020 ## - NÚMERO INTERNACIONAL ESTÁNDAR DEL LIBRO
Número Internacional Estándar del Libro 843220658X
040 ## - FUENTE DE LA CATALOGACIÓN
Centro catalogador/agencia de origen DO-SdBNP
Lengua de catalogación spa
Centro/agencia transcriptor BNPHU
082 ## - NÚMERO DE LA CLASIFICACIÓN DECIMAL DEWEY
Número de clasificación xxx
Número de documento/Ítem S964h
100 1# - ENTRADA PRINCIPAL--NOMBRE DE PERSONA
Nombre de persona Süskind, Patrick,
Fechas asociadas al nombre 1949-
9 (RLIN) 59886
245 13 - MENCIÓN DE TÍTULO
Título La historia del señor Sommer /
Mención de responsabilidad, etc. Patrick Süskind ; Traducción del alemán Ana Ma. de la Fuente ; ilustración Sempé.
260 ## - PUBLICACIÓN, DISTRIBUCIÓN, ETC.
Lugar de publicación, distribución, etc. Barcelona, España :
Nombre del editor, distribuidor, etc. Seix Barral,
Fecha de publicación, distribución, etc. 1991.
300 ## - DESCRIPCIÓN FÍSICA
Extensión 133 p. :
Otras características físicas il. ;
Dimensiones 20 cm.
490 1# - MENCIÓN DE SERIE
Mención de serie Biblioteca breve
534 ## - NOTA SOBRE LA VERSIÓN ORIGINAL
Frase introductoria Título original :
Mención de título del original Die Geschichte von Herm Sommer
700 1# - PUNTO DE ACCESO ADICIONAL--NOMBRE DE PERSONA
Nombre de persona Fuente, Ana Ma. de la,
Término indicativo de función/relación tr.
9 (RLIN) 13618
700 1# - PUNTO DE ACCESO ADICIONAL--NOMBRE DE PERSONA
Nombre de persona Sempé, Jean-Jacques,
Término indicativo de función/relación il.
9 (RLIN) 59887
830 #0 - PUNTO DE ACCESO ADICIONAL DE SERIE-TÍTULO UNIFORME
Título uniforme Biblioteca breve
9 (RLIN) 13442
Holdings
Estado de retiro Estado de pérdida Restricciones de uso No para préstamo Código de colección Localización permanente Ubicación/localización actual Ubicación en estantería Fecha de adquisición Número de inventario Total de préstamos Signatura topográfica completa Código de barras Fecha visto por última vez Precio válido a partir de Tipo de ítem Koha
      Excluido de préstamo Monografías: Libros y Folletos General General En catalogación 04.10.2011 LF1   xxx S964h 34454-10 25.06.2020 25.06.2020 No se presta

Powered by Koha